| 000 | 00374nam a2200157Ia 4500 | ||
|---|---|---|---|
| 999 |
_c3770 _d3770 |
||
| 008 | 191201s2008 xx 000 0 und d | ||
| 020 | _a9788120320970 | ||
| 082 |
_a005.133 _bKRD |
||
| 100 | _aKruse, Rebert, L | ||
| 245 | 0 | _aData Structures and program design in C | |
| 250 | _aRep. | ||
| 260 |
_aN.Delhi _bPHI _c2008 |
||
| 300 | _a671 | ||
| 650 | _aMCA | ||
| 942 |
_2ddc _cBK |
||